| 000 | 00616nam a2200169 a 4500 | ||
|---|---|---|---|
| 001 | 3167 | ||
| 003 | CDMR | ||
| 005 | 20151016134802.0 | ||
| 008 | 130130s1993||||||||||||||||||||||||||||d | ||
| 040 |
_aCDMR _bcat _cCDMR |
||
| 110 | 2 |
_92308 _aInternational Organisation of Journalists |
|
| 245 | 1 | 0 |
_aPor el derecho a la información _b: declaración de la Organización Internacional de Periodistas - OIP - a la Conferencia Mundial de Derechos Humanos : Viena 14 a 25 de junio de 1993 _cOIP |
| 260 |
_aMadrid _c1993 _bComunica Press |
||
| 300 |
_a14 p ; _c21 cm |
||
| 650 | 0 | 4 |
_aLlibertat d'informació _91574 |
| 942 |
_cMON _2udc |
||
| 999 |
_c3167 _d3167 |
||